[Event "Chigorin Memorial"]
[Site "St Petersburg RUS"]
[Date "2013.10.13"]
[Round "9.51"]
[White "Kukhmazov, Arsen"]
[Black "Kostin, Konstantin"]
[Result "1/2-1/2"]
[BlackTitle "FM"]
[WhiteElo "2239"]
[BlackElo "2337"]
[WhiteFideId "24108260"]
[BlackFideId "4155882"]
[EventDate "2013.10.05"]

1. d4 Nf6 2. c4 e6 3. Nf3 b6 4. a3 Bb7 5. Nc3 d5 6. Bg5 Be7 7. Qa4+ Bc6 8. Qb3
dxc4 9. Qxc4 O-O 10. Bxf6 Bxf6 11. e4 a6 12. Be2 Bb7 13. Rc1 Nd7 14. O-O c5 15.
dxc5 bxc5 16. Rfd1 Qe7 17. Rc2 Rfc8 18. Qd3 Bc6 19. Rcd2 h6 20. Qe3 Ne5 21. Ne1
Ng6 22. Nf3 Ne5 23. Ne1 g5 24. g3 g4 25. Rd6 Kg7 26. Ng2 Ng6 27. Bxg4 Bd4 28.
R1xd4 cxd4 29. Qxd4+ Qf6 30. Ne3 Qxd4 31. Rxd4 Rd8 32. Nc2 Rab8 33. b4 Rdc8 34.
Ne3 Bb5 35. Nxb5 axb5 36. Be2 Ne5 37. f4 Rc3 38. Nd1 Rc2 39. Bh5 Nc4 40. Rd7 Rf8
41. Ra7 Rd2 42. e5 Kh8 43. Nc3 Ne3 44. Rc7 Rg2+ 45. Kh1 Rc2 46. h3 Nf5 47. Kg1
Nxg3 48. Bf3 Rg8 49. Nxb5 Ne4+ 50. Kh1 Ng3+ 51. Kg1 Rb2 52. Nd6 Ne4+ 53. Kh1
Nf2+ 54. Kh2 Rg7 55. Rc8+ Kh7 56. Ne8 Ne4+ 57. Kh1 Nf2+ 58. Kh2 Ne4+ 59. Kh1 1/2-1/2

[Event "Chigorin Memorial"]
[Site "St Petersburg RUS"]
[Date "2013.10.13"]
[Round "9.53"]
[White "Duzhakov, Ilya"]
[Black "Orel, Danil"]
[Result "1-0"]
[WhiteTitle "FM"]
[WhiteElo "2326"]
[BlackElo "1831"]
[WhiteFideId "4192516"]
[BlackFideId "24164895"]
[EventDate "2013.10.05"]

1. d4 Nf6 2. c4 c6 3. Nf3 d5 4. e3 e6 5. Bd3 Nbd7 6. Nbd2 Bd6 7. O-O O-O 8. e4
dxe4 9. Nxe4 Nxe4 10. Bxe4 Nf6 11. Bc2 h6 12. Qd3 Re8 13. b3 Bf8 14. Bb2 g6 15.
Rfe1 Bg7 16. Ne5 Nd7 17. f4 Nxe5 18. fxe5 Bf8 19. Rf1 Qd7 20. Rf4 Bb4 21. Raf1
Rf8 22. c5 Ba5 23. Qg3 Bd2 24. R4f2 Bg5 25. h4 Bxh4 26. Qxh4 Qd8 27. Qxh6 Bd7
28. Rf4 1-0

[Event "Chigorin Memorial"]
[Site "St Petersburg RUS"]
[Date "2013.10.13"]
[Round "9.54"]
[White "Belenkaya, Dina"]
[Black "Bazeev, German"]
[Result "1/2-1/2"]
[WhiteTitle "WFM"]
[WhiteElo "2203"]
[BlackElo "2322"]
[WhiteFideId "24142654"]
[BlackFideId "24119350"]
[EventDate "2013.10.05"]

1. e4 e6 2. d4 a5 3. Nf3 d6 4. Bd3 Nd7 5. O-O e5 6. c3 Ngf6 7. Nbd2 Be7 8. dxe5
Nxe5 9. Nxe5 dxe5 10. Nc4 Nd7 11. Qe2 O-O 12. Rd1 Qe8 13. a4 b6 14. Bd2 Bc5 15.
Be1 Bb7 16. Rd2 Nf6 17. b3 Qe6 18. Kh1 g6 19. Rad1 Nh5 20. Bc2 Nf4 21. Qf3 Bc6
22. Qg3 Be7 23. Ne3 Kh8 24. Nd5 Bxd5 25. exd5 Qf6 26. Qf3 Bd6 27. g3 Nh5 28.
Qxf6+ Nxf6 29. Re2 Nd7 30. c4 Kg8 31. Bc3 f5 32. f3 Rae8 33. Kg2 h5 34. h3 Re7
35. Rf1 Ref7 36. Bd2 Be7 37. Bh6 Re8 38. g4 Bf8 39. Bc1 Bg7 40. gxf5 gxf5 41.
Kh1 Kh7 42. Rg1 Bh6 43. Bxh6 Kxh6 44. Reg2 Nf8 45. Rg5 Ree7 46. f4 Rg7 47. Rxg7
Rxg7 48. Rxg7 Kxg7 49. fxe5 Ng6 50. d6 cxd6 51. exd6 Kf6 52. Bxf5 Nf4 53. d7 Ke7
54. b4 axb4 55. Kg1 Ne2+ 56. Kf2 Nd4 57. Bg6 h4 58. Ke3 Nb3 59. Bc2 Nc5 60. Kd4
Kxd7 61. a5 Ne6+ 62. Ke5 bxa5 63. Bf5 Kc6 64. Bxe6 Kc5 65. Ke4 a4 66. Kd3 a3 67.
Kc2 a2 68. Kb2 b3 69. Bf7 Kb4 70. c5 Kxc5 71. Bxb3 Kd6 72. Bxa2 Ke7 73. Kc3 Kf8
74. Kd4 Kg7 75. Ke5 Kh8 76. Kf6 Kh7 77. Bb1+ Kh8 78. Kg5 Kg7 1/2-1/2

[Event "Chigorin Memorial"]
[Site "St Petersburg RUS"]
[Date "2013.10.13"]
[Round "9.56"]
[White "Selivanov, Ivan"]
[Black "Molchanova, Tatjana"]
[Result "1/2-1/2"]
[BlackTitle "WGM"]
[WhiteElo "2005"]
[BlackElo "2311"]
[WhiteFideId "24199060"]
[BlackFideId "4132203"]
[EventDate "2013.10.05"]

1. e4 e6 2. d4 d5 3. e5 c5 4. c3 Nc6 5. Nf3 Qb6 6. a3 Nh6 7. Bd3 Bd7 8. Bc2 Qa6
9. Be3 cxd4 10. Bxd4 Nxd4 11. Nxd4 g6 12. Bd3 Qb6 13. Qe2 a6 14. O-O Bg7 15. a4
O-O 16. a5 Qc7 17. f4 f6 18. exf6 Rxf6 19. g3 Raf8 20. Nd2 Nf7 21. N2f3 Qc5 22.
Kg2 Re8 23. Rfe1 Qc7 24. Qd2 e5 25. fxe5 Nxe5 26. Nxe5 Rxe5 27. Rxe5 Qxe5 28.
Re1 Qh5 29. Qe3 Rf8 30. Ne6 Re8 31. Qb6 Bc6 32. Nxg7 d4+ 33. Qxc6 bxc6 34. Nxh5
Rxe1 35. Nf4 dxc3 36. bxc3 Ra1 37. Bxa6 Rxa5 38. Bc4+ Kg7 39. Kf3 g5 40. Ne2 Kf6
41. Bd3 h5 42. h4 gxh4 43. gxh4 Ke5 44. Ke3 Ra1 45. Be4 c5 46. c4 Ra3+ 47. Bd3
Ra1 48. Nf4 Rh1 49. Be2 Kf5 50. Ng2 Rc1 51. Kd2 Rg1 52. Bf3 Ra1 53. Ne1 Kf4 54.
Bxh5 Ra2+ 55. Kc3 Ra3+ 56. Kb2 Rh3 57. Bf7 Rh1 58. Ng2+ Ke5 59. Kb3 Rb1+ 60. Ka4
Ra1+ 61. Kb5 Kd6 62. Ne3 Rb1+ 63. Ka6 Ra1+ 64. Kb7 Rb1+ 65. Kc8 Rh1 66. h5 Ke7
67. Bg6 Ke6 68. Kc7 Ke5 69. Nf5 Rc1 70. Nd6 Rg1 71. Kc6 Kd4 72. Kc7 Rh1 73. Kd7
Ke5 74. Ke7 Ra1 75. Nb5 Rh1 76. Bf7 Rh2 77. Kf8 Kf6 78. Nd6 Rh4 79. Ne8+ Ke5 80.
Kg7 Rg4+ 81. Kh7 Rf4 82. Bd5 Rf8 83. Ng7 Kf6 84. h6 Rd8 85. Nh5+ Kg5 86. Bf7 Rd6
87. Kg7 Rxh6 88. Ng3 Rc6 89. Bd5 Rc7+ 90. Kf8 Kf4 91. Ne4 Ke5 92. Ke8 Kd4 1/2-1/2

[Event "Chigorin Memorial"]
[Site "St Petersburg RUS"]
[Date "2013.10.13"]
[Round "9.57"]
[White "Smirnov, Artem"]
[Black "Aminov, Andrey"]
[Result "1-0"]
[WhiteTitle "IM"]
[WhiteElo "2434"]
[BlackElo "2163"]
[WhiteFideId "4143256"]
[BlackFideId "24162728"]
[EventDate "2013.10.05"]

1. d4 Nf6 2. c4 g6 3. Nc3 Bg7 4. e4 d6 5. Nf3 O-O 6. Be2 e5 7. d5 a5 8. Bg5 h6
9. Bh4 Na6 10. Nd2 Qe8 11. a3 Bd7 12. O-O a4 13. Kh1 Nc5 14. Qc2 b6 15. Rae1 Nh7
16. f3 h5 17. Nb5 Bxb5 18. cxb5 Bh6 19. Nb1 Be3 20. Bc4 Bd4 21. Qd2 f5 22. exf5
Rxf5 23. Nc3 Bxc3 24. Qxc3 Qf7 25. Ba2 g5 26. Bf2 g4 27. Bb1 Rf6 28. Bh4 Rf4 29.
Bg3 Rf6 30. Bh4 Rf4 31. Bg3 Rf6 32. f4 Rf8 33. Rg1 h4 34. fxe5 Rh6 35. e6 Qh5
36. e7 Re8 37. Bf4 Rf6 38. Bxh7+ Kf7 39. Rgf1 Qxh7 40. Bxd6 Ne4 41. Rxf6+ Nxf6
42. Rf1 1-0

[Event "Chigorin Memorial"]
[Site "St Petersburg RUS"]
[Date "2013.10.13"]
[Round "9.58"]
[White "Chashchev, Sergey"]
[Black "Antinyan, Armen"]
[Result "0-1"]
[WhiteTitle "FM"]
[WhiteElo "2396"]
[BlackElo "2179"]
[WhiteFideId "4134516"]
[BlackFideId "13303112"]
[EventDate "2013.10.05"]

1. Nf3 c5 2. g3 d5 3. Bg2 Nc6 4. d4 Nf6 5. O-O cxd4 6. Nxd4 e5 7. Nxc6 bxc6 8.
c4 Bb7 9. cxd5 Nxd5 10. Qa4 Bc5 11. Nc3 O-O 12. Qc4 Bb6 13. Rd1 Qf6 14. e3 Rad8
15. Na4 Nc7 16. Bd2 Ba6 17. Qc2 Bd3 18. Qc1 Be2 19. Re1 Bf3 20. Bb4 Rfe8 21. Bc5
Bxc5 22. Nxc5 e4 23. Nb3 Ne6 24. Bxf3 Qxf3 25. Nd4 Nxd4 26. exd4 Rxd4 27. Qxc6
Red8 28. Qb7 a5 29. Rac1 Rd2 30. Rf1 h5 31. Rc3 Qg4 32. Re3 f5 33. h4 Kh7 34. a3
R8d3 35. Qb6 Rxe3 36. Qxe3 Rxb2 0-1

[Event "Chigorin Memorial"]
[Site "St Petersburg RUS"]
[Date "2013.10.13"]
[Round "9.60"]
[White "Bublei, Pavel"]
[Black "Kharmunova, Nadezhda"]
[Result "1-0"]
[WhiteTitle "FM"]
[BlackTitle "WIM"]
[WhiteElo "2328"]
[BlackElo "2148"]
[WhiteFideId "24112593"]
[BlackFideId "4195876"]
[EventDate "2013.10.05"]

1. d4 d5 2. c4 e6 3. Nc3 Be7 4. cxd5 exd5 5. Bf4 Nf6 6. e3 O-O 7. Nf3 c5 8. Be2
a6 9. dxc5 Bxc5 10. O-O Nc6 11. Rc1 Ba7 12. Qb3 Na5 13. Qc2 b5 14. Be5 Bb7 15.
Rfd1 Rc8 16. Qf5 Nc4 17. Bxc4 Rxc4 18. b3 Rc8 19. Bxf6 Qxf6 20. Nxd5 Qxf5 21.
Ne7+ Kh8 22. Nxf5 Rxc1 23. Rxc1 Bxf3 24. gxf3 g6 25. Nd6 Bb8 26. Nb7 Kg7 27. Rc6
Re8 28. Rxa6 Re5 29. f4 Rd5 30. Ra8 Bc7 31. Rc8 Bb6 32. Rc6 Ba7 33. Rd6 Rf5 34.
Rd7 Bb8 35. Nd8 Kf8 36. Nc6 1-0

[Event "Chigorin Memorial"]
[Site "St Petersburg RUS"]
[Date "2013.10.13"]
[Round "9.61"]
[White "Kigel, Dmytro"]
[Black "Drachev, Oleg"]
[Result "1/2-1/2"]
[WhiteTitle "FM"]
[WhiteElo "2320"]
[BlackElo "2176"]
[WhiteFideId "14117932"]
[BlackFideId "24193933"]
[EventDate "2013.10.05"]

1. e4 e5 2. Nf3 Nf6 3. Nxe5 d6 4. Nf3 Nxe4 5. d3 Nf6 6. d4 d5 7. Bd3 Be7 8. h3
O-O 9. O-O Nbd7 10. Bf4 Re8 11. Nbd2 c5 12. c4 cxd4 13. Nxd4 Nc5 14. Bc2 Ne6 15.
Be5 Nxd4 16. Bxd4 dxc4 17. Nxc4 Be6 18. Ne3 Qd7 19. Bc3 Nd5 20. Nxd5 Qxd5 21.
Qb1 Qh5 22. Be4 Bd5 23. Rd1 Rad8 24. Bxd5 Rxd5 25. Rxd5 Qxd5 26. Qd1 Rd8 27.
Qxd5 Rxd5 28. Kf1 f5 29. Re1 Rd7 30. Re5 g6 31. Ke2 Kf7 32. f3 Bf6 33. Re3 Bxc3
34. Rxc3 Kf6 35. f4 h6 36. Rd3 Re7+ 37. Kf3 g5 38. Rd6+ Re6 39. Rxe6+ Kxe6 40.
fxg5 hxg5 41. g3 Kf6 42. Ke3 Ke5 43. b4 b5 44. h4 Kf6 45. Kd4 Kg6 46. hxg5 Kxg5
47. Ke5 Kg6 48. a3 Kg5 49. Ke6 Kg6 50. Ke5 Kg5 51. Ke6 Kg6 52. Ke7 Kg5 53. Kd6
Kg4 54. Ke6 Kg5 55. Ke5 Kg4 56. Ke6 Kg5 1/2-1/2

[Event "Chigorin Memorial"]
[Site "St Petersburg RUS"]
[Date "2013.10.13"]
[Round "9.62"]
[White "Ivakhinova, Inna"]
[Black "Yudkevich, Mikhail"]
[Result "1-0"]
[WhiteTitle "WGM"]
[WhiteElo "2312"]
[BlackElo "2121"]
[WhiteFideId "4185641"]
[BlackFideId "4134486"]
[EventDate "2013.10.05"]

1. d4 d5 2. c4 c6 3. Nf3 e6 4. Qc2 Nf6 5. Nbd2 Nbd7 6. g3 b6 7. Bg2 Bb7 8. O-O
Be7 9. e4 O-O 10. e5 Ne8 11. Re1 Rc8 12. cxd5 cxd5 13. Qb3 Ba6 14. Nf1 Qc7 15.
Ne3 Qb7 16. Bd2 Nb8 17. Bb4 Bxb4 18. Qxb4 Bd3 19. Nh4 Nc6 20. Qd2 Bg6 21. f4 Be4
22. Bxe4 dxe4 23. d5 Qd7 24. Rad1 exd5 25. Nxd5 Kh8 26. Qe3 Qe6 27. Qxe4 f5 28.
exf6 Qxe4 29. fxg7+ 1-0

[Event "Chigorin Memorial"]
[Site "St Petersburg RUS"]
[Date "2013.10.13"]
[Round "9.63"]
[White "Melnikov, Dmitry"]
[Black "Bykova, Anastasia"]
[Result "0-1"]
[WhiteTitle "FM"]
[WhiteElo "2311"]
[BlackElo "2083"]
[WhiteFideId "4146468"]
[BlackFideId "4164970"]
[EventDate "2013.10.05"]

1. b3 d5 2. Bb2 Nf6 3. f4 Bf5 4. Nf3 e6 5. g3 Be7 6. Bg2 c5 7. O-O Nc6 8. e3 O-O
9. d3 Qb6 10. Qe2 c4 11. Nc3 cxd3 12. cxd3 d4 13. Na4 Qa6 14. Nxd4 Bxd3 15. Qf3
Be4 16. Qe2 Bd3 17. Qf3 Bxf1 18. Rxf1 Nxd4 19. Bxd4 b5 20. Nc5 Qa3 21. Nd3 Qxa2
22. g4 Qxb3 23. Ne5 Nd5 24. g5 Rac8 25. Qh3 Nc3 26. Kh1 Qc2 27. f5 exf5 28. Nd7
Rfd8 29. Nf6+ gxf6 30. gxf6 Rxd4 31. exd4 Bxf6 32. Bb7 Re8 33. Bc6 Rd8 34. Qh6
Ne4 35. Rg1+ Kh8 36. Rc1 Qd2 0-1

[Event "Chigorin Memorial"]
[Site "St Petersburg RUS"]
[Date "2013.10.13"]
[Round "9.64"]
[White "Pyatin, Alexander"]
[Black "Aharon, Ofir"]
[Result "1-0"]
[BlackTitle "FM"]
[WhiteElo "2146"]
[BlackElo "2310"]
[WhiteFideId "24125920"]
[BlackFideId "2800683"]
[EventDate "2013.10.05"]

1. e4 c5 2. Ne2 g6 3. d4 cxd4 4. Nxd4 Nc6 5. c4 Nf6 6. Nc3 d6 7. Be2 Nxd4 8.
Qxd4 Bg7 9. Be3 O-O 10. Qd2 a5 11. O-O a4 12. Rac1 Be6 13. f4 Qa5 14. h3 Rfc8
15. b3 axb3 16. axb3 Qb4 17. f5 gxf5 18. exf5 Bd7 19. g4 Bc6 20. g5 Nd7 21. f6
exf6 22. gxf6 Bxf6 23. Rxf6 Nxf6 24. Bd4 Ra5 25. Qh6 Re8 26. Kh2 Ng4+ 27. Bxg4
Rae5 28. Rg1 1-0

[Event "Chigorin Memorial"]
[Site "St Petersburg RUS"]
[Date "2013.10.13"]
[Round "9.65"]
[White "Shpartko, Grigory"]
[Black "Rozanov, Pavel B."]
[Result "0-1"]
[BlackTitle "FM"]
[WhiteElo "2135"]
[BlackElo "2309"]
[WhiteFideId "24122254"]
[BlackFideId "4129270"]
[EventDate "2013.10.05"]

1. d4 e6 2. c4 f5 3. g3 Nf6 4. Bg2 d5 5. Nf3 c6 6. O-O Bd6 7. b3 Qe7 8. Nc3 O-O
9. Qc2 a5 10. a3 Ne4 11. Ne5 Nd7 12. Nxd7 Bxd7 13. f4 b5 14. c5 Bxc5 15. Be3
Bxa3 16. Bxe4 fxe4 17. Nd1 a4 18. Nf2 axb3 19. Qxb3 Bd6 20. Ng4 c5 21. Ne5 c4
22. Qb2 b4 23. Rxa8 Rxa8 24. Ra1 Rxa1+ 25. Qxa1 Qd8 26. f5 Bxe5 27. dxe5 exf5
28. Qa6 Qc8 29. Qd6 b3 30. Bd4 Be6 31. Qb4 h6 32. Qb6 Kh7 33. Kg2 Qe8 34. h4 Kg6
35. Kf2 Kh5 36. Qb7 g6 37. Kg2 Qd7 38. Qa8 c3 39. Be3 d4 40. Bf4 Qg7 41. Qb8 Qg8
42. Qa7 b2 43. Qb6 g5 44. g4+ Kxg4 45. Bh2 gxh4 46. e3 Kh5+ 47. Kf2 Qg4 48. Qb5
Qf3+ 49. Kg1 Bc4 50. Qe8+ Kg4 51. Qg6+ Kh3 0-1

[Event "Chigorin Memorial"]
[Site "St Petersburg RUS"]
[Date "2013.10.13"]
[Round "9.66"]
[White "Belov, Nikita"]
[Black "Kostin, Alexey"]
[Result "0-1"]
[BlackTitle "IM"]
[WhiteElo "2108"]
[BlackElo "2306"]
[WhiteFideId "24167177"]
[BlackFideId "4120736"]
[EventDate "2013.10.05"]

1. c4 Nf6 2. g3 e5 3. Bg2 h5 4. h4 g6 5. Nc3 Bg7 6. d3 d6 7. Bg5 O-O 8. Qd2 Re8
9. O-O-O c6 10. Ne4 Nxe4 11. dxe4 Qb6 12. Be3 Qa6 13. b3 b5 14. c5 dxc5 15. Bxc5
Nd7 16. Bd6 c5 17. e3 c4 18. b4 Re6 19. Ne2 Rxd6 20. Qxd6 Qxa2 21. Rd2 Qa3+ 22.
Kd1 a5 23. bxa5 Qxa5 24. Nc1 Qa4+ 25. Ke1 Bf8 0-1

[Event "Chigorin Memorial"]
[Site "St Petersburg RUS"]
[Date "2013.10.13"]
[Round "9.68"]
[White "Zhilchikov, Nikolai"]
[Black "Cheremnova, Tamara"]
[Result "1-0"]
[BlackTitle "WIM"]
[WhiteElo "2074"]
[BlackElo "2289"]
[WhiteFideId "4137264"]
[BlackFideId "4175026"]
[EventDate "2013.10.05"]

1. d4 d5 2. c3 c5 3. Nf3 Nf6 4. Bg5 Ne4 5. Bf4 Nc6 6. e3 Bf5 7. Qb3 Qb6 8. Qxb6
axb6 9. Bc7 c4 10. Bxb6 Kd7 11. Nbd2 Ra6 12. Bc5 b6 13. Nxe4 dxe4 14. d5 exf3
15. dxc6+ Kxc6 16. Bd4 Be4 17. Bxc4 fxg2 18. Rg1 Ra5 19. Bxf7 e5 20. b4 exd4 21.
bxa5 dxc3 22. Ke2 Ba3 23. f3 Bxf3+ 24. Kxf3 Rf8 25. Rxg2 Rxf7+ 26. Ke4 bxa5 27.
Rb1 Kc5 28. Kd3 Bb2 29. Kc2 Kb4 30. Rd1 Ka3 31. e4 Rb7 32. e5 Kxa2 33. e6 Ba1
34. Rgg1 Bb2 35. Rge1 Ba3 36. Ra1# 1-0

[Event "Chigorin Memorial"]
[Site "St Petersburg RUS"]
[Date "2013.10.13"]
[Round "9.69"]
[White "Trapeznikova, Darya"]
[Black "Komiagina, Maria"]
[Result "0-1"]
[BlackTitle "WIM"]
[WhiteElo "2048"]
[BlackElo "2272"]
[WhiteFideId "24121118"]
[BlackFideId "4153987"]
[EventDate "2013.10.05"]

1. d4 Nf6 2. c4 g6 3. Nc3 Bg7 4. e4 d6 5. Nf3 O-O 6. Be2 e5 7. d5 Na6 8. Bg5 h6
9. Bh4 Qe8 10. Nd2 Nh7 11. f3 h5 12. a3 Bh6 13. Bf2 Qe7 14. h4 f5 15. b4 Nf6 16.
Bd3 c6 17. Qc2 cxd5 18. cxd5 Bd7 19. b5 Nc5 20. Bxc5 dxc5 21. exf5 e4 22. fxe4
Ng4 23. O-O-O Ne3 24. Qa2 c4 25. Be2 Qe5 26. Kb2 Nxd1+ 27. Rxd1 Bg7 28. Rc1 gxf5
29. Bf3 Qd4 30. Kb1 Rac8 31. a4 Qd3+ 32. Qc2 Bxc3 0-1

[Event "Chigorin Memorial"]
[Site "St Petersburg RUS"]
[Date "2013.10.13"]
[Round "9.70"]
[White "Krasovskiy, Sviatoslav"]
[Black "Severina, Maria"]
[Result "1-0"]
[BlackTitle "WIM"]
[WhiteElo "2031"]
[BlackElo "2227"]
[WhiteFideId "24145696"]
[BlackFideId "4116909"]
[EventDate "2013.10.05"]

1. c4 f5 2. Nc3 Nf6 3. g3 g6 4. Bg2 d6 5. e3 Bg7 6. Nge2 O-O 7. O-O e5 8. d3 Nc6
9. Rb1 Ne7 10. Nd5 c6 11. Nxe7+ Qxe7 12. b4 d5 13. b5 Be6 14. bxc6 bxc6 15. Qa4
Qd7 16. d4 e4 17. Ba3 Rfc8 18. Nf4 g5 19. Nxe6 Qxe6 20. Rfc1 f4 21. Rb7 h5 22.
Re7 Qg4 23. cxd5 cxd5 24. h3 Rxc1+ 25. Bxc1 Qc8 26. Bd2 fxg3 27. fxg3 Qb8 28.
Qc6 Qf8 29. Qe6+ Kh8 30. Rf7 Qd8 31. Bb4 Qb6 32. Qe7 Re8 33. Rxf6 Qb5 34. Qf7
Bxf6 35. Qxf6+ Kh7 36. Qf7+ Kh6 1-0

[Event "Chigorin Memorial"]
[Site "St Petersburg RUS"]
[Date "2013.10.13"]
[Round "9.71"]
[White "Gvanceladze, Anna"]
[Black "Erenberg, Ariel"]
[Result "1/2-1/2"]
[WhiteTitle "WFM"]
[WhiteElo "2219"]
[BlackElo "2029"]
[WhiteFideId "4113721"]
[BlackFideId "2811634"]
[EventDate "2013.10.05"]

1. d4 d5 2. Nf3 Nf6 3. c4 dxc4 4. Nc3 e6 5. e3 c5 6. Bxc4 a6 7. O-O b5 8. Be2
Bb7 9. dxc5 Bxc5 10. Qxd8+ Kxd8 11. Rd1+ Ke7 12. Bd2 Nbd7 13. Be1 Rhd8 14. a3
Rac8 15. b4 Bd6 16. Nd4 Nb6 17. Nb3 Ne4 18. Rac1 Nxc3 19. Bxc3 Bd5 20. Na5 f6
21. Bd4 Na4 22. Bf3 Bxf3 23. gxf3 Rxc1 24. Rxc1 Rd7 25. Rc6 Rc7 26. Rxa6 e5 27.
Ba7 Rc3 28. Nb7 Bc7 29. Bc5+ Kd7 30. Bf8 Rxa3 31. Nc5+ Ke8 32. Bxg7 Ra1+ 33. Kg2
Rb1 34. Nxa4 bxa4 35. Rxa4 Kf7 36. Ra7 Kxg7 37. Rxc7+ Kg6 38. Rb7 h5 39. b5 Kg5
40. b6 Kh4 41. Rb8 Rb2 42. b7 Rb1 43. Rf8 Rxb7 44. Rxf6 Rg7+ 45. Kf1 Kh3 46. Rf5
h4 47. Rxe5 Kxh2 48. f4 h3 49. Rg5 Kh1 50. Rh5 h2 51. f5 Rh7 52. Rxh7 1/2-1/2

[Event "Chigorin Memorial"]
[Site "St Petersburg RUS"]
[Date "2013.10.13"]
[Round "9.72"]
[White "Kiseleva, Arina"]
[Black "Sukhareva, Evgeniya"]
[Result "1/2-1/2"]
[WhiteTitle "WC"]
[WhiteElo "1992"]
[BlackElo "2210"]
[WhiteFideId "4164989"]
[BlackFideId "4167155"]
[EventDate "2013.10.05"]

1. d4 Nf6 2. Nf3 e6 3. c4 d5 4. Qc2 c6 5. g3 dxc4 6. Qxc4 b5 7. Qc2 Bb7 8. Bg2
Nbd7 9. a4 b4 10. Ne5 Nxe5 11. dxe5 Nd7 12. f4 Qc7 13. Nd2 c5 14. e4 Ba6 15. Nc4
Nb6 16. Bf1 Nxc4 17. Bxc4 Bxc4 18. Qxc4 Be7 19. Be3 O-O 20. O-O Rfd8 21. Rac1
Qd7 22. f5 exf5 23. exf5 Qd5 24. Bxc5 Qxe5 25. Bxe7 Qxe7 26. Qc5 Qf6 27. Qxb4
Rab8 28. Qc3 Rxb2 29. Qxf6 gxf6 30. Rfd1 Re8 31. Re1 Rd8 32. Red1 Re8 33. Re1
Rd8 34. Red1 1/2-1/2

[Event "Chigorin Memorial"]
[Site "St Petersburg RUS"]
[Date "2013.10.13"]
[Round "9.73"]
[White "Yakovlev, Yuri S."]
[Black "Vorobjev, Dmitry"]
[Result "0-1"]
[WhiteElo "1940"]
[BlackElo "2190"]
[WhiteFideId "4173929"]
[BlackFideId "24112178"]
[EventDate "2013.10.05"]

1. e4 c5 2. Nf3 d6 3. c4 Bg4 4. Be2 Nc6 5. h3 Bxf3 6. Bxf3 g6 7. g4 Bg7 8. Nc3
e6 9. d3 Nge7 10. Be3 Nd4 11. Bg2 Qa5 12. O-O O-O 13. Qd2 Nec6 14. Bh6 Ne5 15.
f4 Bxh6 16. g5 Bg7 17. fxe5 dxe5 18. Rf2 Nb3 19. axb3 Qxa1+ 20. Rf1 Qa5 21. h4
Rad8 22. Qe3 Qb6 23. Na4 Qxb3 24. Nxc5 Qxb2 25. Rc1 b6 26. Na4 Qa3 27. Nc3 Rxd3 0-1

[Event "Chigorin Memorial"]
[Site "St Petersburg RUS"]
[Date "2013.10.13"]
[Round "9.74"]
[White "Kantyshev, Nikita"]
[Black "Tugarin, Anton"]
[Result "1/2-1/2"]
[WhiteElo "1979"]
[BlackElo "2188"]
[WhiteFideId "4186737"]
[BlackFideId "24151246"]
[EventDate "2013.10.05"]

1. e4 e6 2. d4 d5 3. exd5 exd5 4. Nf3 Bg4 5. c4 Nf6 6. Bd3 Be7 7. O-O O-O 8. Nc3
Nc6 9. cxd5 Nb4 10. Bg5 Nbxd5 11. Nxd5 Qxd5 12. Re1 Rfe8 13. Qa4 Bxf3 14. Re5
Qd8 15. gxf3 Nd7 16. Bxe7 Rxe7 17. Rxe7 Qxe7 18. Qa5 Nf6 19. Re1 Qd7 20. Qb4 Qc6
21. Be4 Qb6 22. Qxb6 axb6 23. Bxb7 Rxa2 24. Re7 Ra1+ 25. Kg2 Rc1 26. Bd5 g5 27.
Bb3 Kg7 28. Rxf7+ Kg6 29. Rf8 Nh5 30. Rg8+ Kf6 31. Rf8+ Ke7 32. Rf7+ Kd6 33. h4
Nf4+ 34. Kh2 h6 35. hxg5 hxg5 36. Rf6+ Kd7 37. Rf5 Rb1 38. Rxg5 Rxb2 39. Bc4 Ne6
40. Bxe6+ Kxe6 41. Kg3 Rd2 42. Rg7 c6 43. f4 Rxd4 44. Rg6+ Kd5 45. f5 Re4 46. f6
Re8 47. Kf4 Ke6 48. f7+ Kxf7 49. Rxc6 Rb8 50. Kf5 b5 51. Rc7+ Kf8 52. Rc3 Ke7
53. Ke5 b4 1/2-1/2

[Event "Chigorin Memorial"]
[Site "St Petersburg RUS"]
[Date "2013.10.13"]
[Round "9.75"]
[White "Pranizin, Gennady"]
[Black "Nuritdinov, Nizomiddin"]
[Result "1-0"]
[WhiteElo "2187"]
[BlackElo "1882"]
[WhiteFideId "24131393"]
[BlackFideId "14203820"]
[EventDate "2013.10.05"]

1. e4 d6 2. d4 Nf6 3. Nc3 g6 4. h4 c6 5. Be2 Qa5 6. Bd2 Qb6 7. Nf3 Bg4 8. e5 Nd5
9. exd6 exd6 10. Nxd5 cxd5 11. O-O Be7 12. Ng5 Bxe2 13. Qxe2 h6 14. Nf3 Nc6 15.
c4 dxc4 16. Rfe1 O-O-O 17. d5 Ne5 18. Be3 Qa6 19. Rac1 Kb8 20. Nxe5 dxe5 21.
Rxc4 Rxd5 22. Rec1 f5 23. Qc2 b6 24. Bxh6 Rhd8 25. Bg7 Bc5 26. Qe2 Qxa2 27.
Bxe5+ Kb7 28. Rxc5 Rxc5 29. Rxc5 Qb1+ 30. Kh2 Re8 31. Rc7+ Ka8 32. Qa6 1-0

[Event "Chigorin Memorial"]
[Site "St Petersburg RUS"]
[Date "2013.10.13"]
[Round "9.76"]
[White "Khakimov, Timur"]
[Black "Ivanov, Sergei V."]
[Result "1-0"]
[WhiteTitle "IM"]
[WhiteElo "2305"]
[BlackElo "2053"]
[WhiteFideId "4169115"]
[BlackFideId "24170003"]
[EventDate "2013.10.05"]

1. e4 Nc6 2. d4 d5 3. e5 Bf5 4. c3 f6 5. f4 Nh6 6. Bd3 e6 7. Ne2 Be7 8. O-O O-O
9. exf6 gxf6 10. Ng3 Bxd3 11. Qxd3 f5 12. Qe2 Rf6 13. Nd2 Kh8 14. Nf3 Rg6 15.
Ng5 Qg8 16. Bd2 Ng4 17. Rae1 Re8 18. h3 Nf6 19. Qxe6 h6 20. Qxf5 Rf8 21. Re6 Rg7
22. Nh5 hxg5 23. Nxf6 Qf7 24. fxg5 Bd6 25. Qg4 1-0

[Event "Chigorin Memorial"]
[Site "St Petersburg RUS"]
[Date "2013.10.13"]
[Round "9.77"]
[White "Grigoriev, Maxim G."]
[Black "Sorokopudov, Vladimir M."]
[Result "1-0"]
[WhiteElo "2211"]
[BlackElo "2057"]
[WhiteFideId "24120774"]
[BlackFideId "24153052"]
[EventDate "2013.10.05"]

1. e4 c6 2. d4 d6 3. f4 d5 4. e5 e6 5. Be3 Nd7 6. Nf3 c5 7. c3 Ne7 8. Bd3 c4 9.
Bc2 g6 10. Nbd2 Nf5 11. Bf2 h5 12. Qe2 b5 13. O-O a5 14. b3 a4 15. b4 Bh6 16. g3
Nb6 17. a3 Bd7 18. h3 Ne7 19. Kg2 Qc7 20. Ng5 Bxg5 21. fxg5 O-O-O 22. Be3 Rdf8
23. Rf3 Nf5 24. Bxf5 gxf5 25. Rf4 Rh7 26. Rh1 Kb7 27. Nf3 Nc8 28. Rh4 Rfh8 29.
g6 fxg6 30. Bg5 Re8 31. Bf6 Rf7 32. Ng5 Rff8 33. g4 Rxf6 34. exf6 Qf4 35. Nf3
fxg4 36. hxg4 Qxf6 37. Qe5 Rf8 38. Qxf6 Rxf6 39. gxh5 Ne7 40. h6 Rf8 41. h7 Rh8
42. Ng5 Be8 43. Re1 Nf5 44. Rh3 1-0